I Dream of Jeannie Character Quiz Stats

 Plays Quiz not verified by Sporcle

Support Sporcle.
Go Orange.
Score 0/10 Timer 02:00
0 Plays Today
Description Character % Correct
astronaut who found a genie on a beachMajor Anthony Nelson
96.4%
female genie who was found on a beachJeannie
96.1%
another astronaut who also knows of the genie's existenceMajor Roger Healey
90.6%
NASA psychiatrist Dr. Bellows
79.5%
psychiatrist's wife who is always suspicious of TonyAmanda Bellows
71.1%
genie dog who rips uniforms to shredsDjinn Djinn
59.1%
elderly NASA general General Peterson
41.6%
chief of all geniesHaji
35.1%
evil sister genieJeannie II
31.2%
baby genieAbdullah
15.9%

You're not logged in!

Compare scores with friends on all Sporcle quizzes.
OR
Log In

From the Vault

Games by T-Shirt

by Bolafssonify

Nothing makes a good gaming surface like a torso.
Remove Ads.
Support Sporcle.
Get the best of Sporcle when you Go Orange. This ad-free experience offers more features, more stats, and more fun while also helping to support Sporcle. Thank you for becoming a member.

Show Comments

Extras

Created Mar 29, 2012SourceReportNominate
Tags:Character, Dream

Top Quizzes Today


Score Distribution

Your Account Isn't Verified!

In order to create a playlist on Sporcle, you need to verify the email address you used during registration. Go to your Sporcle Settings to finish the process.

Report this User

Report this user for behavior that violates our Community Guidelines.

Details: